Candy Quiz Easy - Statistics

General Stats
  • This quiz has been taken 252 times
  • The average score is 7 of 10
Answer Stats
Picture Answer % Correct
Smarties
86%
Twix
85%
Skittles
81%
Candy Cane
78%
Cotton Candy
75%
Candy Corn
74%
Hershey's
72%
Nerds
71%
Reese's Peanut Butter Cup
31%
Kit Kat Bar
22%
No matching quizzes found
Score Distribution
Percent of People with Each Score
Percentile by Number Answered
Your Score History
You have not taken this quiz